000 00495nam a2200181Ia 4500
005 20250423100206.0
008 250422s9999 xx 000 0 und d
020 _a9781032162478
050 _aRS 403 .M53/
100 _aEdited by Sayyed, Riyazali Z. & Mujumdar, Shilpa
245 0 _aMicrobial surfactants
260 _aBoca Raton
260 _bCRC Press
260 _c2024
300 _aviii, 286p. :ill. ; 25cm.
650 _a Surface-Active Agents Biological Products
942 _cBK
999 _c32559
_d32559